| 000 | 01945cam a2200277 4500 | ||
|---|---|---|---|
| 001 | ##L131093 | ||
| 002 | ##9006 | ||
| 008 | 050927n2005 000 0 eng u | ||
| 020 | _a0853089841 | ||
| 035 | _a(Sirsi) u131093 | ||
| 041 | 0 | _aeng | |
| 050 | 0 | 4 | _a346.410438 $2 18 |
| 100 | 1 | _aJessel, Christopher | |
| 245 | 0 | 0 |
_aFarms and estates _ba conveyancing handbook |
| 250 | _a2nd | ||
| 260 |
_aBristol _bJordan Publishing Ltd _c2005 |
||
| 300 |
_axxv, 272p _c26cm. |
||
| 350 | _a49.50 | ||
| 505 | 2 | _aIntroduction -- The transaction -- The sale -- The principals -- Local variations -- The professional team -- The land -- Roads and ways -- Services -- Common land and open spaces -- Wild creatures, sporting and conservation -- Trees and timbers -- Mines and quarries -- Covenants -- Planning -- The environment -- Agricultural and farm business tenancies -- Residential tenancies -- Business and other leases and licences -- Grants and subsidies -- The farming business -- Diversification -- The conveyancing process -- Searches and information -- Finance -- Proceedings and notices -- Taxation -- Checklists -- Enquiries before contract -- Precedents. | |
| 520 | _aA guide to the complexities of advising on the sale and purchase of rural land, highlighting what the professional adviser must look for and how to structure the deal to avoid tax and other problems. This new edition takes account of such recent major legislative developments as the Single Farm Payment which came into effect in May 2005, the Land Registration Act 2002, the Countryside and Rights of Way Act 2000, Stamp Duty Land Tax, the Hunting Act 2004 and the Commons Bill 2006. Also includes specialist precedents and a completely new set of pre-contract enquiries. | ||
| 520 | _aSupersedes 1st ed (ISBN 0853085528) | ||
| 590 | _aIKA250406 | ||
| 690 | _aPROPERTY-PROPERTY ACQUISITION AND DISPOSAL-CONVEYANCING | ||
| 700 | 1 | _aGoulding, Henry | |
| 942 | _n0 | ||
| 999 |
_c104639 _d104639 |
||